[Event "Deutsche Ländermeisterschaft 2018"]
[Site "Würzburg GER"]
[Date "2018.10.04"]
[Round "3"]
[White "Mütsch, Annmarie"]
[Black "Huber, Benedikt"]
[Result "1-0"]
[Termination "normal"]
[Board "3.4"]
[WhiteElo "2194"]
[BlackElo "2116"]
[WhiteClock "00:40:38"]
[BlackClock "00:30:34"]
[WhiteTeam "Baden 1"]
[BlackTeam "Bayern 1"]
[PlyCount "95"]
[WhiteFideId "12971367"]
[BlackFideId "12923583"]
[EventCountry "GER"]
[EventRounds "7"]
[EventType "team-swiss"]
[EventDate "2018.10.02"]

1. e4 {[%clk 1:30:57]} e6 {[%clk 1:30:51]} 2. d4 {[%clk 1:31:21]} d5 {[%clk
1:31:18]} 3. Nd2 {[%clk 1:31:46]} c5 {[%clk 1:31:26]} 4. exd5 {[%clk 1:31:45]}
Qxd5 {[%clk 1:31:36]} 5. Ngf3 {[%clk 1:32:00]} cxd4 {[%clk 1:31:07]} 6. Bc4
{[%clk 1:32:09]} Qd6 {[%clk 1:31:04]} 7. O-O {[%clk 1:32:19]} Nf6 {[%clk
1:30:58]} 8. Nb3 {[%clk 1:32:43]} Nc6 {[%clk 1:31:04]} 9. Nbxd4 {[%clk
1:32:53]} Nxd4 {[%clk 1:31:03]} 10. Nxd4 {[%clk 1:33:17]} a6 {[%clk 1:31:20]}
11. Re1 {[%clk 1:32:53]} b5 {[%clk 1:28:59]} 12. Bb3 {[%clk 1:25:55]} Be7
{[%clk 1:16:20]} 13. c3 {[%clk 1:07:48]} Bb7 {[%clk 1:07:05]} 14. Bg5 {[%clk
0:59:01]} O-O {[%clk 0:26:07]} 15. Nxe6 {[%clk 0:47:00]} Qc6 {[%clk 0:24:27]}
16. f3 {[%clk 0:47:06]} h6 {[%clk 0:18:45]} 17. Nxf8 {[%clk 0:39:28]} hxg5
{[%clk 0:16:56]} 18. Rxe7 {[%clk 0:39:50]} Qc5+ {[%clk 0:17:23]} 19. Qd4 {[%clk
0:40:13]} Qxe7 {[%clk 0:17:32]} 20. Ng6 {[%clk 0:40:37]} Qd7 {[%clk 0:12:07]}
21. Ne5 {[%clk 0:37:03]} Qxd4+ {[%clk 0:12:35]} 22. cxd4 {[%clk 0:37:22]} Bd5
{[%clk 0:12:56]} 23. Bxd5 {[%clk 0:35:16]} Nxd5 {[%clk 0:13:23]} 24. Rc1 {[%clk
0:34:45]} Rd8 {[%clk 0:12:01]} 25. Nc6 {[%clk 0:32:39]} Rd6 {[%clk 0:11:20]}
26. g3 {[%clk 0:29:04]} f6 {[%clk 0:10:18]} 27. a3 {[%clk 0:25:08]} Ne3 {[%clk
0:07:24]} 28. Ne7+ {[%clk 0:17:09]} Kf7 {[%clk 0:06:15]} 29. Rc7 {[%clk
0:17:30]} Ke6 {[%clk 0:05:31]} 30. Nc8 {[%clk 0:15:06]} Rd7 {[%clk 0:03:35]}
31. Rc6+ {[%clk 0:13:27]} Kd5 {[%clk 0:03:54]} 32. Rxa6 {[%clk 0:13:03]} Kxd4
{[%clk 0:04:22]} 33. Nd6 {[%clk 0:11:10]} Kc5 {[%clk 0:02:57]} 34. b4+ {[%clk
0:10:06]} Kd4 {[%clk 0:02:26]} 35. Nxb5+ {[%clk 0:10:17]} Kc4 {[%clk 0:02:55]}
36. Nd6+ {[%clk 0:10:21]} Kb3 {[%clk 0:03:10]} 37. b5 {[%clk 0:10:10]} Nc4
{[%clk 0:01:17]} 38. Nxc4 {[%clk 0:10:21]} Kxc4 {[%clk 0:01:46]} 39. a4 {[%clk
0:10:28]} Rd1+ {[%clk 0:00:57]} 40. Kg2 {[%clk 0:10:19]} Rb1 {[%clk 0:01:23]}
41. b6 {[%clk 0:10:10]} Kc5 {[%clk 0:30:03]} 42. a5 {[%clk 0:41:06]} Kc6 {[%clk
0:30:24]} 43. Ra7 {[%clk 0:41:32]} g6 {[%clk 0:30:36]} 44. Rc7+ {[%clk
0:41:01]} Kb5 {[%clk 0:31:04]} 45. Ra7 {[%clk 0:40:21]} Kc6 {[%clk 0:31:31]}
46. Rf7 {[%clk 0:40:25]} f5 {[%clk 0:31:08]} 47. Rf6+ {[%clk 0:40:28]} Kb7
{[%clk 0:30:34]} 48. Rxg6 {[%clk 0:40:38]} 1-0

[Event "Deutsche Ländermeisterschaft 2018"]
[Site "Würzburg GER"]
[Date "2018.10.04"]
[Round "3"]
[White "Hetzner, Hannes"]
[Black "Wu, Leon"]
[Result "1/2-1/2"]
[Termination "normal"]
[Board "3.5"]
[WhiteElo "1855"]
[BlackElo "2009"]
[WhiteClock "00:01:39"]
[BlackClock "00:15:37"]
[WhiteTeam "Bayern 1"]
[BlackTeam "Baden 1"]
[PlyCount "139"]
[WhiteFideId "16211936"]
[BlackFideId "12977438"]
[EventCountry "GER"]
[EventRounds "7"]
[EventType "team-swiss"]
[EventDate "2018.10.02"]

1. e4 {[%clk 1:30:57]} c5 {[%clk 1:30:50]} 2. Nf3 {[%clk 1:31:23]} d6 {[%clk
1:31:14]} 3. d4 {[%clk 1:31:49]} cxd4 {[%clk 1:31:37]} 4. Nxd4 {[%clk 1:32:13]}
Nf6 {[%clk 1:31:58]} 5. Nc3 {[%clk 1:32:37]} a6 {[%clk 1:32:06]} 6. Bg5 {[%clk
1:32:54]} Nbd7 {[%clk 1:31:57]} 7. Qe2 {[%clk 1:33:03]} Qc7 {[%clk 1:30:45]} 8.
f4 {[%clk 1:32:45]} b5 {[%clk 1:25:51]} 9. O-O-O {[%clk 1:29:35]} Bb7 {[%clk
1:22:19]} 10. g4 {[%clk 1:21:29]} g6 {[%clk 1:18:00]} 11. Bg2 {[%clk 1:09:27]}
O-O-O {[%clk 0:53:37]} 12. Nd5 {[%clk 0:55:47]} Nxd5 {[%clk 0:52:19]} 13. exd5
{[%clk 0:56:03]} Re8 {[%clk 0:50:38]} 14. Rd3 {[%clk 0:53:07]} Nc5 {[%clk
0:48:27]} 15. Rc3 {[%clk 0:52:00]} Bg7 {[%clk 0:46:35]} 16. Rd1 {[%clk
0:50:27]} b4 {[%clk 0:44:23]} 17. Rc4 {[%clk 0:45:12]} a5 {[%clk 0:41:29]} 18.
c3 {[%clk 0:39:48]} bxc3 {[%clk 0:37:00]} 19. Rxc3 {[%clk 0:34:50]} Ba6 {[%clk
0:28:55]} 20. Qc2 {[%clk 0:33:55]} e6 {[%clk 0:25:25]} 21. dxe6 {[%clk
0:32:01]} fxe6 {[%clk 0:21:42]} 22. f5 {[%clk 0:17:23]} exf5 {[%clk 0:20:58]}
23. gxf5 {[%clk 0:17:12]} Bxd4 {[%clk 0:19:44]} 24. Rxd4 {[%clk 0:17:16]} Re2
{[%clk 0:16:43]} 25. Rd2 {[%clk 0:14:26]} Re1+ {[%clk 0:16:42]} 26. Rd1 {[%clk
0:14:41]} Re2 {[%clk 0:16:50]} 27. Rd2 {[%clk 0:14:57]} Bd3 {[%clk 0:09:00]}
28. Qd1 {[%clk 0:10:36]} Rxd2 {[%clk 0:08:48]} 29. Qxd2 {[%clk 0:10:07]} gxf5
{[%clk 0:08:52]} 30. Be3 {[%clk 0:09:59]} Be4 {[%clk 0:06:49]} 31. Bxe4 {[%clk
0:08:09]} fxe4 {[%clk 0:07:13]} 32. Bxc5 {[%clk 0:06:22]} dxc5 {[%clk 0:06:58]}
33. Qe3 {[%clk 0:05:43]} Kb8 {[%clk 0:03:16]} 34. Rxc5 {[%clk 0:04:40]} Qb6
{[%clk 0:03:04]} 35. Qf4+ {[%clk 0:03:42]} Ka7 {[%clk 0:02:37]} 36. Rc7+ {[%clk
0:03:52]} Ka8 {[%clk 0:02:31]} 37. Qxe4+ {[%clk 0:03:17]} Kb8 {[%clk 0:02:48]}
38. Rc3 {[%clk 0:02:24]} Ka7 {[%clk 0:01:40]} 39. Qe7+ {[%clk 0:01:41]} Ka8
{[%clk 0:01:51]} 40. Qe4+ {[%clk 0:01:19]} Ka7 {[%clk 0:00:58]} 41. Qe3 {[%clk
0:11:59]} Qxe3+ {[%clk 0:28:56]} 42. Rxe3 {[%clk 0:12:22]} h5 {[%clk 0:28:02]}
43. Re6 {[%clk 0:08:53]} Rg8 {[%clk 0:27:38]} 44. Kd2 {[%clk 0:08:02]} Rg2+
{[%clk 0:27:48]} 45. Re2 {[%clk 0:08:26]} Rg5 {[%clk 0:27:56]} 46. Ke3 {[%clk
0:08:10]} Kb6 {[%clk 0:27:44]} 47. Kf4 {[%clk 0:07:53]} Rg4+ {[%clk 0:27:53]}
48. Kf3 {[%clk 0:08:16]} Ra4 {[%clk 0:26:37]} 49. a3 {[%clk 0:07:45]} Rh4
{[%clk 0:26:13]} 50. Kg3 {[%clk 0:07:39]} Rg4+ {[%clk 0:26:38]} 51. Kh3 {[%clk
0:08:03]} Rg5 {[%clk 0:26:52]} 52. Kh4 {[%clk 0:07:53]} Rf5 {[%clk 0:24:32]}
53. h3 {[%clk 0:07:35]} Kb5 {[%clk 0:22:57]} 54. Re4 {[%clk 0:05:02]} Rd5
{[%clk 0:18:47]} 55. b4 {[%clk 0:04:05]} a4 {[%clk 0:19:00]} 56. Re3 {[%clk
0:03:56]} Kc4 {[%clk 0:17:55]} 57. Rg3 {[%clk 0:03:46]} Re5 {[%clk 0:18:04]}
58. Rf3 {[%clk 0:03:35]} Rd5 {[%clk 0:17:47]} 59. Kg3 {[%clk 0:03:33]} Re5
{[%clk 0:16:23]} 60. Kf4 {[%clk 0:03:46]} Rb5 {[%clk 0:16:11]} 61. Rg3 {[%clk
0:03:25]} Rd5 {[%clk 0:16:09]} 62. Re3 {[%clk 0:03:41]} Rd6 {[%clk 0:15:50]}
63. Kg5 {[%clk 0:03:35]} Rd5+ {[%clk 0:15:55]} 64. Kg6 {[%clk 0:03:52]} h4
{[%clk 0:15:47]} 65. Kf6 {[%clk 0:03:52]} Rh5 {[%clk 0:15:37]} 66. Re5 {[%clk
0:03:25]} Rh6+ {[%clk 0:15:26]} 67. Kg5 {[%clk 0:03:21]} Rh8 {[%clk 0:15:34]}
68. b5 {[%clk 0:03:07]} Kb3 {[%clk 0:15:24]} 69. Re3+ {[%clk 0:03:16]} Ka2
{[%clk 0:15:37]} 70. b6 {[%clk 0:01:39]} 1/2-1/2

[Event "Deutsche Ländermeisterschaft 2018"]
[Site "Würzburg GER"]
[Date "2018.10.04"]
[Round "3"]
[White "Hund, Sarah"]
[Black "Werner, Denis"]
[Result "0-1"]
[Termination "normal"]
[Board "3.6"]
[WhiteElo "2021"]
[BlackElo "1817"]
[WhiteClock "00:03:37"]
[BlackClock "00:22:57"]
[WhiteTeam "Baden 1"]
[BlackTeam "Bayern 1"]
[PlyCount "90"]
[WhiteFideId "12923338"]
[BlackFideId "16226429"]
[EventCountry "GER"]
[EventRounds "7"]
[EventType "team-swiss"]
[EventDate "2018.10.02"]

1. e4 {[%clk 1:30:52]} c5 {[%clk 1:30:11]} 2. Nc3 {[%clk 1:31:01]} Nc6 {[%clk
1:29:28]} 3. f4 {[%clk 1:30:43]} e6 {[%clk 1:28:41]} 4. Nf3 {[%clk 1:30:25]} d5
{[%clk 1:28:07]} 5. Bb5 {[%clk 1:29:42]} Nf6 {[%clk 1:27:44]} 6. Bxc6+ {[%clk
1:26:51]} bxc6 {[%clk 1:27:25]} 7. e5 {[%clk 1:25:23]} Nd7 {[%clk 1:25:18]} 8.
d3 {[%clk 1:24:45]} Ba6 {[%clk 1:23:49]} 9. b3 {[%clk 1:23:48]} c4 {[%clk
1:21:44]} 10. dxc4 {[%clk 1:20:46]} Bb4 {[%clk 1:20:22]} 11. Bd2 {[%clk
1:19:26]} dxc4 {[%clk 1:17:42]} 12. Ne4 {[%clk 1:16:55]} Be7 {[%clk 1:17:06]}
13. Qe2 {[%clk 1:08:36]} Qb6 {[%clk 1:10:27]} 14. bxc4 {[%clk 1:00:55]} Nc5
{[%clk 1:06:19]} 15. Be3 {[%clk 0:56:49]} Qa5+ {[%clk 1:03:11]} 16. Ned2 {[%clk
0:55:41]} Qa4 {[%clk 0:59:41]} 17. Nd4 {[%clk 0:49:50]} Nd7 {[%clk 0:52:31]}
18. O-O {[%clk 0:45:51]} Nb6 {[%clk 0:52:03]} 19. f5 {[%clk 0:41:56]} Nxc4
{[%clk 0:49:20]} 20. fxe6 {[%clk 0:40:58]} Nxe5 {[%clk 0:44:19]} 21. Qh5 {[%clk
0:36:12]} Bf6 {[%clk 0:43:05]} 22. Ne4 {[%clk 0:27:50]} Bxf1 {[%clk 0:41:43]}
23. exf7+ {[%clk 0:26:26]} Nxf7 {[%clk 0:37:47]} 24. Nd6+ {[%clk 0:25:35]} Kd7
{[%clk 0:35:41]} 25. Qxf7+ {[%clk 0:22:31]} Kxd6 {[%clk 0:35:02]} 26. Bf4+
{[%clk 0:21:06]} Kc5 {[%clk 0:33:13]} 27. Ne6+ {[%clk 0:17:45]} Kc4 {[%clk
0:32:25]} 28. Rxf1 {[%clk 0:17:42]} Kc3 {[%clk 0:29:56]} 29. Qd7 {[%clk
0:15:56]} Rad8 {[%clk 0:26:14]} 30. Nxd8 {[%clk 0:10:53]} Qd4+ {[%clk 0:26:25]}
31. Qxd4+ {[%clk 0:10:33]} Bxd4+ {[%clk 0:26:34]} 32. Kh1 {[%clk 0:10:34]} Rxd8
{[%clk 0:26:41]} 33. g4 {[%clk 0:06:15]} c5 {[%clk 0:25:30]} 34. Re1 {[%clk
0:05:33]} Rd7 {[%clk 0:24:56]} 35. Kg2 {[%clk 0:05:39]} Rf7 {[%clk 0:24:52]}
36. Bb8 {[%clk 0:04:34]} Kxc2 {[%clk 0:25:00]} 37. Re4 {[%clk 0:04:02]} Kd3
{[%clk 0:24:58]} 38. Re8 {[%clk 0:04:07]} c4 {[%clk 0:24:58]} 39. Rd8 {[%clk
0:04:08]} Re7 {[%clk 0:23:34]} 40. Bg3 {[%clk 0:03:49]} c3 {[%clk 0:22:39]} 41.
Bf2 {[%clk 0:02:47]} Re4 {[%clk 0:21:41]} 42. Kf3 {[%clk 0:02:56]} c2 {[%clk
0:21:57]} 43. Rc8 {[%clk 0:03:19]} Bxf2 {[%clk 0:22:08]} 44. Kxf2 {[%clk
0:03:11]} Rc4 {[%clk 0:22:32]} 45. Rd8+ {[%clk 0:03:37]} Kc3 {[%clk 0:22:57]}
0-1

[Event "Deutsche Ländermeisterschaft 2018"]
[Site "Würzburg GER"]
[Date "2018.10.04"]
[Round "3"]
[White "Riehle, Marco"]
[Black "Sieber, Fiona"]
[Result "0-1"]
[Termination "normal"]
[Board "4.1"]
[WhiteTitle "FM"]
[BlackTitle "WIM"]
[WhiteElo "2265"]
[BlackElo "2277"]
[WhiteClock "00:23:06"]
[BlackClock "00:23:13"]
[WhiteTeam "Baden 2"]
[BlackTeam "Sachsen-Anhalt"]
[PlyCount "100"]
[WhiteFideId "12904392"]
[BlackFideId "12902373"]
[EventCountry "GER"]
[EventRounds "7"]
[EventType "team-swiss"]
[EventDate "2018.10.02"]

1. e4 {[%clk 1:30:49]} c5 {[%clk 1:30:55]} 2. Nf3 {[%clk 1:31:02]} d6 {[%clk
1:31:20]} 3. d4 {[%clk 1:31:09]} cxd4 {[%clk 1:31:45]} 4. Nxd4 {[%clk 1:31:35]}
Nf6 {[%clk 1:32:10]} 5. f3 {[%clk 1:32:02]} e5 {[%clk 1:31:36]} 6. Nb3 {[%clk
1:32:23]} a5 {[%clk 1:29:57]} 7. Be3 {[%clk 1:29:08]} a4 {[%clk 1:29:01]} 8.
N3d2 {[%clk 1:28:27]} Nc6 {[%clk 1:23:29]} 9. c4 {[%clk 1:24:26]} Qa5 {[%clk
1:19:07]} 10. Be2 {[%clk 1:23:19]} Be7 {[%clk 1:19:04]} 11. Na3 {[%clk
1:21:48]} O-O {[%clk 1:15:09]} 12. O-O {[%clk 1:17:19]} Bd8 {[%clk 1:12:40]}
13. Kh1 {[%clk 1:14:41]} Bb6 {[%clk 1:11:40]} 14. c5 {[%clk 1:15:01]} Bxc5
{[%clk 1:10:35]} 15. Ndc4 {[%clk 1:15:18]} Qd8 {[%clk 1:07:43]} 16. Nb5 {[%clk
1:13:38]} Bxe3 {[%clk 0:56:23]} 17. Nxe3 {[%clk 1:13:50]} Qb6 {[%clk 0:53:16]}
18. Qd2 {[%clk 1:10:09]} Rd8 {[%clk 0:50:58]} 19. Bc4 {[%clk 0:44:16]} Be6
{[%clk 0:45:29]} 20. Nxd6 {[%clk 0:40:35]} Qd4 {[%clk 0:30:45]} 21. Qxd4 {[%clk
0:39:23]} exd4 {[%clk 0:30:57]} 22. Nef5 {[%clk 0:37:59]} Ne5 {[%clk 0:19:22]}
23. Rac1 {[%clk 0:19:19]} g6 {[%clk 0:15:50]} 24. Bxe6 {[%clk 0:14:01]} fxe6
{[%clk 0:13:11]} 25. Nh6+ {[%clk 0:13:43]} Kg7 {[%clk 0:13:35]} 26. f4 {[%clk
0:14:07]} Nd3 {[%clk 0:09:07]} 27. Rcd1 {[%clk 0:08:23]} Rxd6 {[%clk 0:05:00]}
28. e5 {[%clk 0:06:53]} Ne4 {[%clk 0:05:14]} 29. Rxd3 {[%clk 0:06:56]} Rd5
{[%clk 0:03:01]} 30. Ng4 {[%clk 0:06:19]} Rc8 {[%clk 0:03:25]} 31. Kg1 {[%clk
0:02:50]} Rc2 {[%clk 0:03:27]} 32. Re1 {[%clk 0:03:19]} Nc5 {[%clk 0:03:19]}
33. Rh3 {[%clk 0:03:45]} h5 {[%clk 0:02:41]} 34. Nf6 {[%clk 0:04:11]} Rd8
{[%clk 0:03:05]} 35. b4 {[%clk 0:04:30]} axb3 {[%clk 0:02:19]} 36. axb3 {[%clk
0:04:46]} d3 {[%clk 0:02:39]} 37. Rd1 {[%clk 0:04:42]} d2 {[%clk 0:02:12]} 38.
Kf1 {[%clk 0:01:49]} Rc1 {[%clk 0:01:49]} 39. Ke2 {[%clk 0:02:11]} Rxd1 {[%clk
0:02:16]} 40. Kxd1 {[%clk 0:02:28]} Nd3 {[%clk 0:02:33]} 41. Ne8+ {[%clk
0:02:26]} Kf8 {[%clk 0:01:13]} 42. Nd6 {[%clk 0:02:31]} Nf2+ {[%clk 0:01:23]}
43. Kxd2 {[%clk 0:02:53]} Nxh3 {[%clk 0:01:49]} 44. gxh3 {[%clk 0:03:19]} Ke7
{[%clk 0:26:27]} 45. Ke3 {[%clk 0:30:11]} b6 {[%clk 0:25:54]} 46. Nc4 {[%clk
0:27:10]} Rb8 {[%clk 0:25:04]} 47. b4 {[%clk 0:25:22]} b5 {[%clk 0:24:17]} 48.
Na3 Kd7 {[%clk 0:24:32]} 49. Nc2 {[%clk 0:25:18]} Rc8 {[%clk 0:23:00]} 50. Nd4
{[%clk 0:23:06]} Rc3+ {[%clk 0:23:13]} 0-1

[Event "Deutsche Ländermeisterschaft 2018"]
[Site "Würzburg GER"]
[Date "2018.10.04"]
[Round "3"]
[White "Pallas, Sebastian"]
[Black "Joeres, Stefan"]
[Result "1-0"]
[Termination "normal"]
[Board "4.2"]
[WhiteElo "2278"]
[BlackElo "2039"]
[WhiteClock "00:14:55"]
[BlackClock "00:44:34"]
[WhiteTeam "Sachsen-Anhalt"]
[BlackTeam "Baden 2"]
[PlyCount "79"]
[WhiteFideId "12905453"]
[BlackFideId "12983160"]
[EventCountry "GER"]
[EventRounds "7"]
[EventType "team-swiss"]
[EventDate "2018.10.02"]

1. e4 {[%clk 1:30:55]} c5 2. Nf3 Nc6 {[%clk 1:30:45]} 3. d4 {[%clk 1:31:16]}
cxd4 {[%clk 1:31:13]} 4. Nxd4 {[%clk 1:31:37]} g6 {[%clk 1:31:42]} 5. c4 {[%clk
1:31:33]} Nf6 {[%clk 1:32:05]} 6. Nc3 {[%clk 1:31:08]} Nxd4 {[%clk 1:32:17]} 7.
Qxd4 {[%clk 1:31:28]} d6 {[%clk 1:32:44]} 8. Be2 {[%clk 1:11:44]} Bg7 {[%clk
1:33:08]} 9. Be3 {[%clk 1:12:01]} O-O {[%clk 1:33:26]} 10. Qd2 {[%clk 1:12:04]}
Be6 {[%clk 1:31:29]} 11. Bh6 {[%clk 0:58:30]} Qa5 {[%clk 1:30:01]} 12. Bxg7
{[%clk 0:58:18]} Kxg7 {[%clk 1:30:29]} 13. O-O {[%clk 0:57:32]} Rfc8 {[%clk
1:26:51]} 14. Qd4 {[%clk 0:55:45]} Qc5 {[%clk 1:12:56]} 15. Qxc5 {[%clk
0:55:57]} Rxc5 {[%clk 1:13:24]} 16. b3 {[%clk 0:56:16]} a6 {[%clk 1:13:31]} 17.
Na4 {[%clk 0:49:00]} Rc7 {[%clk 1:12:55]} 18. Nb6 {[%clk 0:47:34]} Rb8 {[%clk
1:13:18]} 19. Bf3 {[%clk 0:45:31]} Nd7 {[%clk 1:13:16]} 20. Nxd7 {[%clk
0:45:37]} Bxd7 {[%clk 1:13:44]} 21. Be2 {[%clk 0:39:40]} b5 {[%clk 1:06:06]}
22. f3 {[%clk 0:38:15]} Be6 {[%clk 1:05:13]} 23. cxb5 {[%clk 0:38:09]} axb5
{[%clk 1:05:42]} 24. Rfc1 {[%clk 0:29:58]} Ra7 {[%clk 1:01:27]} 25. a4 {[%clk
0:29:38]} bxa4 {[%clk 0:57:47]} 26. bxa4 {[%clk 0:29:44]} Rb2 {[%clk 0:53:20]}
27. Bb5 {[%clk 0:29:01]} Bd7 {[%clk 0:47:45]} 28. Rcb1 {[%clk 0:23:27]} Rxb1+
{[%clk 0:46:32]} 29. Rxb1 {[%clk 0:23:51]} Kf6 {[%clk 0:46:45]} 30. Kf2 {[%clk
0:21:40]} Bxb5 {[%clk 0:45:34]} 31. axb5 {[%clk 0:22:03]} Ke5 {[%clk 0:45:59]}
32. b6 {[%clk 0:13:17]} Rb7 {[%clk 0:46:14]} 33. Ke3 {[%clk 0:13:39]} Ke6
{[%clk 0:45:52]} 34. Kd4 {[%clk 0:14:00]} Kd7 {[%clk 0:46:16]} 35. e5 {[%clk
0:14:19]} dxe5+ {[%clk 0:45:05]} 36. Kc5 {[%clk 0:14:39]} f5 {[%clk 0:43:07]}
37. Rd1+ {[%clk 0:14:36]} Kc8 {[%clk 0:43:36]} 38. Kc6 {[%clk 0:14:28]} e4
{[%clk 0:44:05]} 39. fxe4 {[%clk 0:14:41]} fxe4 {[%clk 0:44:34]} 40. Rf1 {[%clk
0:14:55]} 1-0

[Event "Deutsche Ländermeisterschaft 2018"]
[Site "Würzburg GER"]
[Date "2018.10.04"]
[Round "3"]
[White "Doll, Alexander"]
[Black "Roseneck, Jonas"]
[Result "0-1"]
[Termination "normal"]
[Board "4.3"]
[WhiteElo "2153"]
[BlackElo "2262"]
[WhiteClock "00:17:07"]
[BlackClock "00:08:45"]
[WhiteTeam "Baden 2"]
[BlackTeam "Sachsen-Anhalt"]
[PlyCount "80"]
[WhiteFideId "16228294"]
[BlackFideId "12939870"]
[EventCountry "GER"]
[EventRounds "7"]
[EventType "team-swiss"]
[EventDate "2018.10.02"]

1. e4 {[%clk 1:30:58]} c5 {[%clk 1:30:55]} 2. c3 {[%clk 1:31:24]} Nf6 {[%clk
1:31:22]} 3. e5 {[%clk 1:31:50]} Nd5 {[%clk 1:31:49]} 4. Bc4 {[%clk 1:32:16]}
Nb6 {[%clk 1:32:13]} 5. Bb3 {[%clk 1:32:42]} c4 {[%clk 1:32:30]} 6. Bc2 {[%clk
1:33:07]} Nc6 {[%clk 1:32:58]} 7. Nf3 {[%clk 1:33:33]} Qc7 {[%clk 1:33:23]} 8.
O-O {[%clk 1:33:59]} Nxe5 {[%clk 1:29:57]} 9. Nxe5 {[%clk 1:34:09]} Qxe5 {[%clk
1:30:25]} 10. Re1 {[%clk 1:34:25]} Qc7 {[%clk 1:21:15]} 11. a4 {[%clk 1:30:59]}
e6 {[%clk 1:16:47]} 12. Qg4 {[%clk 1:21:38]} h5 {[%clk 0:52:41]} 13. Qf3 {[%clk
1:12:10]} Be7 {[%clk 0:52:16]} 14. Na3 {[%clk 1:06:13]} a6 {[%clk 0:41:06]} 15.
d3 {[%clk 0:49:47]} cxd3 {[%clk 0:39:03]} 16. Bf4 {[%clk 0:48:22]} d6 {[%clk
0:39:11]} 17. Qxd3 {[%clk 0:47:41]} e5 {[%clk 0:36:14]} 18. Be3 {[%clk
0:44:27]} Be6 {[%clk 0:35:12]} 19. f4 {[%clk 0:36:20]} g6 {[%clk 0:30:56]} 20.
fxe5 {[%clk 0:33:49]} dxe5 {[%clk 0:31:20]} 21. Bf2 {[%clk 0:31:57]} Nd7 {[%clk
0:25:49]} 22. Bg3 {[%clk 0:29:11]} Bc5+ {[%clk 0:24:53]} 23. Kh1 {[%clk
0:27:54]} h4 {[%clk 0:25:07]} 24. Bf4 {[%clk 0:28:18]} O-O-O {[%clk 0:19:43]}
25. Be3 {[%clk 0:26:47]} h3 {[%clk 0:20:03]} 26. Qe2 {[%clk 0:23:20]} Bd5
{[%clk 0:15:53]} 27. Bxc5 {[%clk 0:21:17]} Bxg2+ {[%clk 0:14:28]} 28. Kg1
{[%clk 0:21:40]} Qxc5+ {[%clk 0:14:55]} 29. Qe3 {[%clk 0:21:24]} Rh5 {[%clk
0:12:20]} 30. Rad1 {[%clk 0:20:57]} Rg5 {[%clk 0:11:04]} 31. Qxc5+ {[%clk
0:20:11]} Bc6+ {[%clk 0:11:08]} 32. Kf1 {[%clk 0:20:04]} Nxc5 {[%clk 0:11:30]}
33. Rxd8+ {[%clk 0:19:49]} Kxd8 {[%clk 0:11:59]} 34. Re3 {[%clk 0:19:54]} Nxa4
{[%clk 0:10:23]} 35. Nc4 {[%clk 0:18:52]} Bb5 {[%clk 0:09:17]} 36. b3 {[%clk
0:18:57]} Nb6 {[%clk 0:09:06]} 37. Rxh3 {[%clk 0:17:46]} Nxc4 {[%clk 0:08:56]}
38. bxc4 {[%clk 0:18:06]} Bxc4+ {[%clk 0:09:23]} 39. Kf2 {[%clk 0:17:59]} Ke7
{[%clk 0:08:51]} 40. Ke3 {[%clk 0:17:07]} Rh5 {[%clk 0:08:45]} 0-1

[Event "Deutsche Ländermeisterschaft 2018"]
[Site "Würzburg GER"]
[Date "2018.10.04"]
[Round "3"]
[White "Hartge, Gedeon"]
[Black "Wu, Luka"]
[Result "1/2-1/2"]
[Termination "normal"]
[Board "4.4"]
[WhiteElo "2214"]
[BlackElo "2001"]
[WhiteClock "00:00:59"]
[BlackClock "00:04:05"]
[WhiteTeam "Sachsen-Anhalt"]
[BlackTeam "Baden 2"]
[PlyCount "83"]
[WhiteFideId "12932116"]
[BlackFideId "12977420"]
[EventCountry "GER"]
[EventRounds "7"]
[EventType "team-swiss"]
[EventDate "2018.10.02"]

1. d4 {[%clk 1:30:53]} Nf6 {[%clk 1:30:50]} 2. c4 {[%clk 1:31:18]} e6 {[%clk
1:31:15]} 3. Nc3 {[%clk 1:31:44]} d5 {[%clk 1:25:27]} 4. cxd5 {[%clk 1:32:03]}
exd5 {[%clk 1:25:31]} 5. Bg5 {[%clk 1:32:28]} Be7 {[%clk 1:24:13]} 6. e3 {[%clk
1:32:51]} b6 {[%clk 1:20:27]} 7. Bd3 {[%clk 1:31:51]} Bb7 {[%clk 1:19:49]} 8.
Nge2 {[%clk 1:28:08]} Nbd7 {[%clk 1:15:18]} 9. O-O {[%clk 1:24:53]} Ne4 {[%clk
1:06:45]} 10. Bf4 {[%clk 1:18:55]} Bd6 {[%clk 1:06:24]} 11. Bxe4 {[%clk
1:03:55]} dxe4 {[%clk 1:04:09]} 12. Bxd6 {[%clk 1:04:17]} cxd6 {[%clk 1:04:34]}
13. d5 {[%clk 1:04:18]} Nf6 {[%clk 0:55:01]} 14. Ng3 {[%clk 0:56:40]} O-O
{[%clk 0:41:46]} 15. Ngxe4 {[%clk 0:54:50]} Nxe4 {[%clk 0:41:51]} 16. Nxe4
{[%clk 0:55:15]} Qe7 {[%clk 0:41:04]} 17. Nc3 {[%clk 0:53:52]} Rac8 {[%clk
0:40:01]} 18. Qg4 {[%clk 0:45:04]} Rc5 {[%clk 0:31:11]} 19. Rfd1 {[%clk
0:44:24]} f5 {[%clk 0:29:19]} 20. Qd4 {[%clk 0:32:05]} b5 {[%clk 0:26:29]} 21.
a3 {[%clk 0:27:17]} a6 {[%clk 0:24:24]} 22. Rac1 {[%clk 0:20:44]} Rfc8 {[%clk
0:22:22]} 23. Qf4 {[%clk 0:18:30]} Qf6 {[%clk 0:22:25]} 24. Rd4 {[%clk
0:13:11]} Re8 {[%clk 0:14:19]} 25. Rcd1 {[%clk 0:12:36]} Re5 {[%clk 0:08:56]}
26. h4 {[%clk 0:12:08]} Rc7 {[%clk 0:07:57]} 27. R1d2 {[%clk 0:07:12]} h6
{[%clk 0:08:16]} 28. h5 {[%clk 0:07:22]} Qf7 {[%clk 0:07:01]} 29. Qf3 {[%clk
0:07:10]} Qf8 {[%clk 0:06:46]} 30. Ne2 {[%clk 0:06:27]} Qe8 {[%clk 0:04:06]}
31. Nf4 {[%clk 0:06:41]} Ree7 {[%clk 0:03:43]} 32. Qe2 {[%clk 0:03:44]} Re4
{[%clk 0:02:51]} 33. Qf3 {[%clk 0:03:12]} Rc4 {[%clk 0:02:36]} 34. Rxc4 {[%clk
0:03:01]} Rxc4 {[%clk 0:02:57]} 35. Qg3 {[%clk 0:01:58]} Qe5 {[%clk 0:02:19]}
36. Qg6 {[%clk 0:01:05]} Rxf4 {[%clk 0:02:06]} 37. exf4 {[%clk 0:00:48]} Qe1+
{[%clk 0:02:32]} 38. Kh2 {[%clk 0:01:13]} Qxd2 {[%clk 0:02:59]} 39. Qe8+ {[%clk
0:01:23]} Kh7 {[%clk 0:03:25]} 40. Qg6+ {[%clk 0:01:34]} Kg8 {[%clk 0:03:40]}
41. Qe8+ {[%clk 0:01:02]} Kh7 {[%clk 0:04:05]} 42. Qg6+ {[%clk 0:00:59]}
1/2-1/2